Možnosti využitia a obmedzenia ISI Web of Knowledge
Potreba sledovania a nanalýzy citácií v súvislosti s hodnotením kvality časopisov, autorov, inštitúcií a krajín. Možnosti a obmedzenia služby Web of Knowledge. Databázové produkty: Web of Science, Current Contents Connect. Analytické nástroje: Journal citation Reports, Essential Science Indicators....
Na minha lista:
| Autor principal: | |
|---|---|
| Formato: | Capítulo de Livro |
| Idioma: | eslovaco |
| Assuntos: | |
| Tags: |
Sem tags, seja o primeiro a adicionar uma tag!
|
MARC
| LEADER | 00000nla$a2200000$$$4500 | ||
|---|---|---|---|
| 001 | 0051060 | ||
| 005 | 20240502071607.2 | ||
| 041 | 0 | |a slo | |
| 044 | |a SK | ||
| 245 | 1 | 0 | |a Možnosti využitia a obmedzenia ISI Web of Knowledge |c Marián Rimarčík |
| 520 | |a Potreba sledovania a nanalýzy citácií v súvislosti s hodnotením kvality časopisov, autorov, inštitúcií a krajín. Možnosti a obmedzenia služby Web of Knowledge. Databázové produkty: Web of Science, Current Contents Connect. Analytické nástroje: Journal citation Reports, Essential Science Indicators. Kvantitatívny ukazovateľ kvality časopisu - impakt faktor. | ||
| 610 | 2 | 0 | |a zdroje informačné elektronické |
| 610 | 2 | 0 | |a báza dát |
| 610 | 2 | 0 | |a časopisy |
| 610 | 2 | 0 | |a Web of Knowledge |
| 610 | 2 | 0 | |a citácie bibliografické |
| 610 | 2 | 0 | |a indexy citačné |
| 100 | 1 | |a Rimarčík, Marián | |